000 00839nam a2200265Ia 4500
001 18263
003 GE_BSU
008 181216s||||||||xx |||||||||||||| ||und||
020 _a9780374532000
040 _cGE_BSU
080 _a32
100 _aTyler, Patrick.
245 2 _aA world of trouble : the White House and the Middle East--from the Cold War to the War on Terror
245 _bwith a new afterword "reads almost like a thriller"- the Economist
260 _aNew York
260 _bFarrar, Straus and Giroux
260 _c2010
300 _a638 p. : ill. ; 21 cm
300 _eIndex.:p.621-638
520 _aNotes:p.567-619.
541 _h51 Gel. 55T.
653 _aA world of trouble : the White House and the Middle East--from the Cold War to the War on Terror
653 _aპოლიტიკა
942 _cBK
999 _c51294
_d51294